| 000 | 00695nam a2200241Ia 4500 | ||
|---|---|---|---|
| 005 | 20250425162836.0 | ||
| 008 | 250425s9999 xx 000 0 und d | ||
| 020 | _a9789587921892 | ||
| 041 | _aspa | ||
| 082 |
_a658.42 _pDUM |
||
| 100 | _aDumas, Marlon | ||
| 245 | 0 |
_aFundamentos de gestión de procesos de negocios _cMarlon Dumas, Marcello La Rosa, Jan Mendling, Hajo A. Reijers |
|
| 250 | _a2a ed. | ||
| 260 |
_aBogotá _bEdiciones de la U _c2020 |
||
| 300 | _a616 páginas | ||
| 650 | _aAdministración | ||
| 650 | _aGestión de procesos de negocios | ||
| 700 | _aLa Rosa, Marcello | ||
| 700 | _aMendling, Jan | ||
| 700 | _aReijers, Hajo A. | ||
| 942 | _c01 | ||
| 010 | _a112364 | ||
| 999 |
_c237532 _d237532 |
||